Architectural Drafting & Design 6th ed. (Record no. 931841)

MARC details
000 -LEADER
fixed length control field 00312nam a2200121Ia 4500
008 - FIXED-LENGTH DATA ELEMENTS--GENERAL INFORMATION
fixed length control field 231107s2011 xx 000 0 und d
041 ## - LANGUAGE CODE
Language code of text/sound track or separate title eng
082 ## - DEWEY DECIMAL CLASSIFICATION NUMBER
Classification number 720.284
100 ## - MAIN ENTRY--PERSONAL NAME
Personal name Levin Debra
245 ## - TITLE STATEMENT
Title Architectural Drafting & Design 6th ed.
260 ## - PUBLICATION, DISTRIBUTION, ETC.
Place of publication, distribution, etc. Spain
Name of publisher, distributor, etc. Delmar Cengage Learning
Date of publication, distribution, etc. 2011
300 ## - PHYSICAL DESCRIPTION
Extent 1113
Holdings
Withdrawn status Lost status Damaged status Not for loan Home library Current library Date acquired Cost, normal purchase price Total Checkouts Full call number Barcode Date last seen Price effective from Koha item type
        College of Architecture, Navi Mumbai College of Architecture, Navi Mumbai 08/11/2023 6404.00   720.284 ARM-A-10170 08/11/2023 08/11/2023 Book